01373nab a22002537a 4500999001500000003000400015005001700019008004100036040000700077100002800084245010200112260007300214300001300287500004400300505039300344505009000737650002800827650002600855650001800881650003000899650002600929773015100955942001301106 c5290d5290OSt20250217110635.0190604e xxu||||| |||| 00| 0 spa d cPJ 96347aPavioni, Natalí10aProtocolo de actuación frente a bloqueos : bderechos humanos involucrados /cNatalí Pavioni. aCiudad Autónoma de Buenos Aires :bThomson Reuters La Ley, c2024. ap. 26-38 aCita Online: TR LALEY AR/DOC/2702/2024. aSumario: I. Introducción.— II. Contenido de la res. del Ministerio de Seguridad 901/2024.— III. El derecho a huelga y su protección constitucional.— IV. El derecho a huelga en el derecho internacional de los derechos humanos.— V. Tomas o bloqueos a establecimientos en contextos de conflicto laboral. Precedentes jurisprudenciales.— VI. Conclusiones.— VII. Bibliografía. t¿Te interesa el texto completo? Solicitalo al correo: koha@justierradelfuego.gov.ar  094564aDERECHO DE HUELGA 09614aDERECHOS HUMANOS 091533aDESPIDO 094583aDERECHOS SINDICALES 094966aFUERZAS ARMADAS0 0271493171dCiudad Autónoma de Buenos Aires : Thomson Reuters La Ley, 2014-tRevista anales de legislación argentina. Nº 12 - Diciembre 2024. 2udccANA